000 nam a22 7a 4500
999 _c44196
_d44196
003 OSt
005 20180515123414.0
008 180515b xxu||||| |||| 00| 0 eng d
040 _cSEROSOFT
100 _aNEERAJ SETHI
245 _aNURSING PRINCIPAL AND PRATICE
260 _bPV BOOKS
300 _a663
942 _2ddc
_c01